| 000 | 00712nam a2200229 4500 | ||
|---|---|---|---|
| 001 | 15994 | ||
| 010 | _a9789897391705 | ||
| 021 | _b502730/22 | ||
| 090 | _a15994 | ||
| 100 | _a20221026d2022 m y0pory50030103ba | ||
| 200 | 1 |
_aO caminho do peregrino _fJohn Bunyan _gtrad. Cláudio Blanc |
|
| 205 | _a1ªed | ||
| 210 | 9 |
_aPorto _cAlbatroz, _d2022 |
|
| 215 |
_a209, [3] p. _cil. _d24 cm |
||
| 304 | _aTít. orig.: The pilgrim's progress | ||
| 675 |
_a27-29 _vBN _zpor |
||
| 675 |
_a821.111-97"16" _vBN _zpor |
||
| 700 | 1 |
_aBunyan, _bJohn, _f1628-1688 |
|
| 702 | 1 |
_aBlanc, _bCláudio |
|
| 801 | 0 |
_aPT _bBN _gRPC |
|
| 856 | 4 | 1 | _uhttp://rnod.bnportugal.gov.pt/ImagesBN/winlibimg.aspx?skey=&doc=2113417&img=170786&save=true |
| 990 | _cLIVROS | ||